Score 0/13 Timer 03:00
0 Plays Today
Things You Might Study Class % Correct
Tea Leaves, AstrologyDivination
91.2%
Batteries, Escalators, Parking MetersMuggle Studies
90.5%
Goblin RebellionsHistory of Magic
89.4%
Curses, WerewolvesDefense Against the Dark Arts
88%
BroomsticksFlying Lessons
88%
Venomous TentaculaeHerbology
86.2%
Animagi and Gamp's LawTransfiguration
86.2%
FlobberwormsCare of Magical Creatures
84.8%
Sopophorous BeansPotions
82.3%
Altering the Behaviour of ThingsCharms
81.3%
Io, Europa, and GanymedeAstronomy
79.5%
The Number 7Arithmancy
70.3%
Eihwaz vs. EhwazStudy of Ancient Runes
65%
Remove Ads.
Support Sporcle.
Get the best of Sporcle when you Go Orange. This ad-free experience offers more features, more stats, and more fun while also helping to support Sporcle. Thank you for becoming a member.

You're not logged in!

Compare scores with friends on all Sporcle quizzes.
OR
Log In

Show Comments

Extras

Created Nov 7, 2010ReportNominate
Tags:Harry Potter Quiz

Top Quizzes Today


Score Distribution

Your Account Isn't Verified!

In order to create a playlist on Sporcle, you need to verify the email address you used during registration. Go to your Sporcle Settings to finish the process.

Report this User

Report this user for behavior that violates our Community Guidelines.

Details: